000 00590nam a2200229Ia 4500
003 OSt
005 20220918183640.0
006 a|||||r|||| 00| 0
007 ta
008 220917b |||||||| |||| 00| 0 eng d
024 _a39,454
037 _cTextual
040 _aARTS
_cARTS
_beng
041 _2eng
_aeng
082 _aO15:1D40k, J6.1,4
100 _aSchapre A
_963266
245 0 _aKalidasa lexicon
260 _aBurgge
_bDe Temple
_c1964
650 _aENGLISH LITERATURE
942 _hO15:1D40k, J6.1,4
_cTEXL
_2CC
999 _c173331
_d173331